LIBRARY & INFORMATION CENTRE, KCAET, TAVANUR

ONLINE PUBLIC ACCESS CATALOGUE (OPAC)

Miniature gardens / (Record no. 8692)

MARC details
000 -LEADER
fixed length control field 00382cam a2200157ua 4500
041 ## - LANGUAGE CODE
Language code of text/sound track or separate title eng
082 ## - DEWEY DECIMAL CLASSIFICATION NUMBER
Classification number 635.9
Item number ASH/MI
100 ## - MAIN ENTRY--AUTHOR NAME
Personal name Ashberry, Anne .
245 ## - TITLE STATEMENT
Title Miniature gardens /
250 ## - EDITION STATEMENT
Edition statement 2 /
260 ## - PUBLICATION, DISTRIBUTION, ETC. (IMPRINT)
Place of publication London :
Name of publisher Arthur pearson Limited ,
Year of publication 1952.
300 ## - PHYSICAL DESCRIPTION
Number of Pages 120 ; .
942 ## - ADDED ENTRY ELEMENTS (KOHA)
Koha item type Books
Holdings
Withdrawn status Lost status Damaged status Home library Current library Date acquired Full call number Accession Number Koha item type
      KAUAET KAUAET 07/04/2012 635.9 3426 Books
free website counter